000 00490nam a2200205Ia 4500
001 12584
003 GE_BSU
008 181216s||||||||xx |||||||||||||| ||und||
040 _cGE_BSU
080 _a821.111-312.4
100 _aFrost,Jeaniene
245 _aOne grave at a time: a night huntress novel
260 _aNew York
260 _bAvon books
260 _c2008
300 _a372p.18cm.
653 _anovel
653 _aOne grave at a time: a night huntress novel
942 _cBK
999 _c45757
_d45757